000
00495nam a2200145Ia 4500
008
100204s9999 xx 000 0 und d
082
_b
5591
100
_a
गांगल सुमन
245
_a
प्रितीचा पारिजात
260
_b
"उदयदीप प्रकाशन , मुंबई"
_c
1978
300
_a
212
630
_a
प्रितीचा पारिजात
730
_a
प्रितीचा पारिजात
942
_c
BOOK
999
_c
450162
_d
450159